El dinero no crece en los arboles (Registro nro. 36015)

Detalles MARC
000 -CABECERA
Longitud fija campo de control 00520nam a2200169 4500
003 - • IDENTIFICADOR DELl NÚMERO DE CONTROL
Identificador del número de control CO-ViMGA
040 ## - FUENTE DE LA CATALOGACIÓN
Centro catalogador de origen CO-ViMGA
Lengua de catalogación spa
Centro transcriptor CO-ViMGA
082 04 - • NÚMERO DE LA CLASIFICACIÓN DECIMAL DEWEY
Número de clasificación (R) 9788468303871
Número del ítem MOOd
100 1# - • PUNTO DE ACCESO PRINCIPAL-NOMBRE DE PERSONA
Nombre de persona Moore Mallinos, Jennifer
245 10 - • TITULO PROPIAMENTE DICHO
Título El dinero no crece en los arboles
Mención de responsabilidad, etc. Jennifer, Moore Mallinos
300 ## - • DESCRIPCIÓN FÍSICA
Extensión 31 p. :
Otras características físicas Il, ; col, ; 24 cm.
490 ## - • MENCIÓN DE SERIE
Mención de serie Lecciones de vida
500 ## - • NOTA GENERAL
Nota general Incluye guía para los padres.
650 14 - • PUNTO DE ACCESO ADICIONAL DE MATERIA - TÉRMINO DE MATERIA
Término de materia o nombre geográfico como elemento inicial Cuentos infantiles.
942 ## - ENTRADA DE ELEMENTOS AGREGADOS (KOHA)
Fuente de clasificaión o esquema Dewey Decimal Classification
Koha [por defecto] tipo de item LIbro
Existencias
Perdido Fuente de clasificación o esquema Estado Físico No para préstamo Forma de adquisición Localización permanente Localización actual Fecha adquisición Coste, precio normal de compra Préstamos totales Renovaciones totales Signatura completa Código de barras Fecha última consulta Fecha último préstamo Número de copia Fecha del precio de reemplazo Tipo de item de Koha
  Dewey Decimal Classification     Sala Infantil Segundo Piso Biblioteca Pública Germán Arciniegas - Villavicencio Biblioteca Pública Germán Arciniegas - Villavicencio 09/06/2016 38000.00 3 1 MOOd 30475 10/05/2021 09/30/2021 Ej. 1. 09/06/2016 LIbro









Instituto Departamental de Cultura del Meta - Red Departamental de Bibliotecas Públicas del Meta.